000 00588nam a2200205Ia 4500
005 20250326143233.0
008 250326s9999 xx 000 0 und d
020 _a0-521-83612-3
037 _aTextbook
040 _aFMSL
_beng
_cFMSL
041 _aeng
_2eng
084 _aX8(R4341):8 P4
_qFMSL
100 _aVogel Harold L
245 0 _aEntertainment industry economics
_cVogel Harold L
250 _a6
260 _aUnited Kingdom
_bUnited Kingdom, Cambridge University
_c2004
300 _axxii,611
942 _cTB
_hX8(R4341):8 P4
999 _c1298722
_d1298722